| 000 | 00563cam a2200193ua 4500 | ||
|---|---|---|---|
| 001 | 1477 | ||
| 005 | 20260515113335.0 | ||
| 008 | 110716n ii |||gr||||Z||||||eng | ||
| 040 | _cMAIN | ||
| 082 | _a354.2794 | ||
| 100 |
_aDesai, Vasant, _eAuthor. |
||
| 245 | 1 |
_aRural Development in India past, present & future a challenge in the crisis _cby Vasant Desai |
|
| 250 | _a2nd. | ||
| 260 |
_aNew Delhi: _bHimalaya Publishing house, _c2005. _aMumbai: _aNagpur: |
||
| 300 |
_a563p: _c25cm. |
||
| 653 | _aSociology | ||
| 653 | _aRural Development in India | ||
| 942 | _cBK | ||
| 999 |
_c1366 _d1366 |
||